Представление документа в формате MARC21

Поле Инд. ПП Название Значение
Тип записи a
Библиографический уровень m
001 Контрольный номер 4f1dded3-e302-45e6-8b58-27be8df0b495
005 Дата корректировки 20131112072458.8
008 Кодируемые данные 010601 d
020 a ISBN 5-86404-156-4
c Цена, тираж 55.00
040 a Служба первич. каталог. НБ ТвГУ
041 a Код языка текста rus
080 a Индекс УДК 681.322.06
084 a Индекс другой классификации/Индекс ББК З973.26-018
090 x Авторский знак Ш94
a Полочн. индекс З973.2
100 1_ a Автор Штыков Виталий Васильевич
245 10 a Заглавие FORTRAN & WIN32 API
b Продолж. заглавия Создание программного интерфейса для Windows средствами соврем. Фортрана
c Ответственность В. В. Штыков
260 0_ a Место издания Москва
b Издательство ДИАЛОГ-МИФИ
c Дата издания 2001
300 a Объем 302 с.
504 a Библиография Библиогр.: с.298.
583 a Действие Получение впервые 233 10.04.2001
k Исполнитель действия ООО "Книжный мир"
583 a Действие Приписка 405 01.06.2001
k Исполнитель действия Дар ООО "Книжный мир"
650 a Основная рубрика Компьютеры персональные
x Основная подрубрика Программирование
650 a Основная рубрика Операционные системы
650 a Основная рубрика ФОРТРАН
650 a Основная рубрика Программирования языки
653 a Ключевые слова Программирование для Windows
a Ключевые слова Операционные системы Windows
a Ключевые слова Языки программирования
a Ключевые слова ФОРТРАН
a Ключевые слова Интерфейсы
a Ключевые слова API
a Ключевые слова Программные интерфейсы приложений
a Ключевые слова Компьютеры
a Ключевые слова Персональные компьютеры
852 t Порядковый номер экземпляра 1
p Инвентарный номер 733482
852 t Порядковый номер экземпляра 1
p Инвентарный номер 734984
888 a За счет средств университета
a Бесплатные
952 p 233.2001 55.00 1 733482
p 405.2001 55.00 1 734984
c Вид литературы К ру
954 a Дата поступления на обработку 20010417
999 a Подразделение 2 Фил3(каб.магн.)
a Подразделение 2 Фил3